Wszyscy mistrzowie Anglii w piłce nożnej - Statystyki

Ogólne statystyki
  • Ten quiz został rozwiązany 500 razy
    416 od ostatniego zresetowania
  • Średni wynik to 81 z 125
Statystyki odpowiedzi
sezon klub % Poprawnych
1907/08 | 1910/11 | 1951/52 | +17 others Manchester United
99%
1936/37 | 1967/68 | 2011/12 | +7 others Manchester City
98%
1954/55 | 2004/05 | 2005/06 | +3 others Chelsea
91%
1900/01 | 1905/06 | 1921/22 | +16 others Liverpool
82%
1930/31 | 1932/33 | 1933/34 | +10 others Arsenal
76%
2015/16 Leicester City
71%
1893/94 | 1895/96 | 1896/97 | +4 others Aston Villa
66%
1890/91 | 1914/15 | 1927/28 | +6 others Everton
59%
1977/78 Nottingham Forest
54%
1911/12 | 1913/14 | 1994/95 Blackburn Rovers
43%
1904/05 | 1906/07 | 1908/09 | 1926/27 Newcastle United
43%
1968/69 | 1973/74 | 1991/92 Leeds United
35%
1950/51 | 1960/61 Tottenham Hotspur
33%
1891/92 | 1892/93 | 1894/95 | +3 others Sunderland
31%
1897/98 Sheffield United
28%
1953/54 | 1957/58 | 1958/59 Wolverhampton
26%
1888/89 | 1889/90 Preston
18%
1903/04 | 1928/29 | 1929/30 Sheffield Wednesda
16%
1920/21 | 1959/60 Burnley
15%
1961/62 Ipswich Town
15%
1971/72 | 1974/75 Derby County
13%
1948/49 | 1949/50 Portsmouth
9%
1919/20 West Bromwich Albion
9%
1923/24 | 1924/25 | 1925/26 Huddersfield
6%
1902/03 Sheffield Wednesday
4%
Nie znaleziono quizów pasujących do podanych kryteriów
Rozkład punktacji
Procent ludzi z każdym wynikiem
Percentyl według liczby udzielonych odpowiedzi
Twoja historia wyników
Nie rozwiązałeś tego quizu od ostatniego zresetowania